| 000 -LEADER |
| fixed length control field |
00526nam a22001217a 4500 |
| 008 - FIXED-LENGTH DATA ELEMENTS--GENERAL INFORMATION |
| fixed length control field |
161024b xxu||||| |||| 00| 0 eng d |
| 100 ## - MAIN ENTRY--AUTHOR'S NAME |
| Author's Name |
Gross, William H. |
| 245 ## - TITLE STATEMENT |
| Title |
The William H. Gross collection, United States classics, 1847-1869 [exhibit] |
| 260 ## - PUBLICATION, DISTRIBUTION, ETC. (IMPRINT) |
| Name of publisher, distributor, etc. |
Co-published by William H. Gross and the Collectors Club |
| Date of publication, distribution, etc. |
2008 |
| 650 ## - TOPICAL TERM (Tag) |
| Topical term or geographic name |
United States -- Classic Issues -- 1847-1969 | 19th Century | Postal Markings | Postal History | Rare Issues and Covers | MLC |
| 700 ## - SECONDARY AUTHOR, EDITOR OR ILLUSTRATOR |
| Personal Name |
Spink Shreves Gallaries |
| 700 ## - SECONDARY AUTHOR, EDITOR OR ILLUSTRATOR |
| Personal Name |
Collectors Club |